000
00241 a2200097 4500
001
2751
100
_a
Counninghan, J
245
_a
Complex variable methods in science and technology
260
_a
_b
D Van Nostrand co
_c
090
_c
2046
_d
2046
942
_a
NUST-CAE
_c
M
_c
11625
999
_c
237824
_d
237824